<?xml version="1.0" encoding="UTF-8"?>
<collection xmlns="http://www.loc.gov/MARC21/slim">
 <record>
  <leader>00718pamaa2200193   4500</leader>
  <controlfield tag="001">0000021151</controlfield>
  <controlfield tag="005">20070720090000.0</controlfield>
  <datafield tag="020" ind1="0" ind2="0">
   <subfield code="a">1857562887 (pbk) </subfield>
  </datafield>
  <datafield tag="082" ind1=" " ind2=" ">
   <subfield code="a">370.92 HAI</subfield>
  </datafield>
  <datafield tag="090" ind1="0" ind2="0">
   <subfield code="a">LA2375.G7 </subfield>
   <subfield code="b">HAI 1996</subfield>
  </datafield>
  <datafield tag="100" ind1="1" ind2="0">
   <subfield code="a">Hainton </subfield>
  </datafield>
  <datafield tag="245" ind1="1" ind2="4">
   <subfield code="a">The unknown Coleridge : </subfield>
   <subfield code="b">the life and times of Derwent Coleridge, 1800-1883  </subfield>
   <subfield code="c">Raymonde Hainton and Godfrey Hainton.</subfield>
  </datafield>
  <datafield tag="260" ind1="0" ind2="0">
   <subfield code="a">London : Janus Pub. Co., 1996.</subfield>
  </datafield>
  <datafield tag="300" ind1=" " ind2=" ">
   <subfield code="a">ix, 313 p. : ill., ports. ; 22 cm.</subfield>
  </datafield>
  <datafield tag="504" ind1="0" ind2="0">
   <subfield code="a">Includes bibliographical references (p. 303-306) and index</subfield>
  </datafield>
  <datafield tag="600" ind1="1" ind2="0">
   <subfield code="a">Coleridge, Derwent, </subfield>
   <subfield code="d">1800-1883</subfield>
  </datafield>
  <datafield tag="650" ind1="0" ind2="0">
   <subfield code="a">Educators -- </subfield>
   <subfield code="x">Biography -- </subfield>
   <subfield code="z">England </subfield>
  </datafield>
  <datafield tag="650" ind1="0" ind2="0">
   <subfield code="a">Education -- </subfield>
   <subfield code="x">History -- </subfield>
   <subfield code="y">19th century -- </subfield>
   <subfield code="z">England </subfield>
  </datafield>
  <datafield tag="700" ind1="1" ind2="1">
   <subfield code="a">Hainton, </subfield>
   <subfield code="h">Godfrey </subfield>
  </datafield>
 </record>
</collection>
